00535cam a22002051 4500001001300000003000400013005001700017008004100034010001700075035001900092040001800111042001200129050001800141100001800159245003700177260002300214300001900237651005600256999001700312sa 67002651 DLC20260227112332.0750512s1966 xx 000 0 eng  asa 67002651  a(OCoLC)1326644 aDLCcVtUdDLC apremarc00aDS485.K2bP851 aPuri, Balraj.10aJammu--a clue to Kashmir tangle. a[New Delhi,c1966] a107 p.c22 cm. 0aJammu and Kashmir (India)xPolitics and government. c73353d73353